00607nam a2200169 a 450000100100000000500170001000800410002704000250006808200140009310000360010724500690014326000590021230000270027104900090029895201130030799900170042000003179020200930063201.0110706s2005 pr a 000 0 spa d aDO-SdBNPbspacBNPHU axxxbA4731 aÁlvarez Bravo, Armando95801110aTrópico infinito de Guillo Pérez /cArmando Álvarez Bravo. aSan Juan, Puerto Rico :bMuseo de las Americas,c2005. a20 p. :bil. ;c22 cm. aBNPD 0010507-18MOaPDbPDcOId2011-07-06iLF1l0oxxx A473p31790-10r2020-06-25w2020-06-25y1ZNo se presta c31282d31282